| 000 | 00493cam a22001337a 4500 | ||
|---|---|---|---|
| 008 | 180718b1976 xxu||||| |||| 00| 0 eng d | ||
| 020 | _a0 11 751107 2 | ||
| 082 | _aLmx42 Un3app 8 | ||
| 245 |
_aLocal government finace. appendix 8: local income tax evidence and commissioned work _cby Her Majesty's Stationery Office |
||
| 260 |
_aLondon _bHer Majesty's Stationery Office _c1976 |
||
| 300 | _ax, 296p | ||
| 650 | _aLocal finance --Great Britain. | ||
| 700 | _aU.K. Her Majesty's Stationery Office | ||
| 999 |
_c416117 _d416117 |
||